000 01354nam a2200349Ia 4500
001 ebr10118439
003 CaPaEBR
006 m u
007 cr cn|||||||||
008 041001s2005 nyu sb 001 0 eng d
010 _z 2004043198
020 _z1403976805
020 _z1403966680 (alk. paper)
040 _aCaPaEBR
_cCaPaEBR
035 _a(OCoLC)560030309
050 1 4 _aJA71
_b.M345 2005eb
082 0 4 _a321/.07
_222
100 1 _aMcManus, Susan.
245 1 0 _aFictive theories
_h[electronic resource] :
_btowards a deconstructive and utopian political imagination /
_cSusan McManus.
250 _a1st ed.
260 _aNew York :
_bPalgrave Macmillan,
_c2005.
300 _a227 p.
490 1 _aStudies in European culture and history
504 _aIncludes bibliographical references (p. [171]-219) and index.
533 _aElectronic reproduction.
_bPalo Alto, Calif. :
_cebrary,
_d2009.
_nAvailable via World Wide Web.
_nAccess may be limited to ebrary affiliated libraries.
650 0 _aPolitical science
_xPhilosophy.
650 0 _aSocial epistemology.
655 7 _aElectronic books.
_2local
710 2 _aebrary, Inc.
830 0 _aStudies in European culture and history.
856 4 0 _uhttp://site.ebrary.com/lib/rucke/Doc?id=10118439
_zAn electronic book accessible through the World Wide Web; click to view
999 _c217771
_d217771